01335nam a2200289 i 450000500170000000800410001702000150005804000350007304100080010808200210011611000510013724500850018825000220027326400650029530000620036033600270042233700330044933800280048265000300051065000440054065000300058494200120061499900150062695201330064195201340077495201370090820220316235500.0121119s2000 ck ab0 gs s 0pspa d a9583320595 aCO-BoRNBPbspacCO-BoRNBPerda0 aspa04a784.19861 bP17i2 aPatronato Colombiano de Artes y Ciencias9302410aInstrumentos folclóricos de ColombiacPatronato Colombiano de Artes y Ciencias aPrimera edición 1aBogotá bPatronato Colombiano de Artes y Cienciasc[2000?] a142 páginasbilustraciones, mapasc24 cme1 video, 2 CD atextobtxt2rdacontent asin mediaciónbn2rdamedia avolumenbnc2rdacarrier14aFolclor colombiano 2LEMB14aInstrumentos musicales zColombia2LEMB14aMúsica colombiana2LEMB 2ddccBK c1094d1094 00102ddc40708GENaMEPRICObMEPRICOcGENd2023-03-24l0o784.19861P17IpPR00000794r2023-03-24 00:00:00tEj.1w2023-03-24yBK 00102ddc40708GENaMEDORADObMEDORADOcGENd2023-04-24l0o784.19861P17I pDOR02874r2023-04-24 00:00:00tEj.1w2023-04-24yBK 00102ddc40708GENaMEMAPIRIbMEMAPIRIcGENd2024-07-18l0o784.19861 p17IpMAP00004268r2024-07-18 14:56:45tEj.1w2024-07-18yBK